Criteria and indicators for sustainable woodfuels. (Record no. 20877)
[ view plain ]
| 000 -LEADER | |
|---|---|
| fixed length control field | 01804cam a2200277 a 4500 |
| 020 ## - INTERNATIONAL STANDARD BOOK NUMBER | |
| ISBN | 9789251066034 (pbk.) |
| 020 ## - INTERNATIONAL STANDARD BOOK NUMBER | |
| ISBN | 9251066035 (pbk.) |
| 022 ## - INTERNATIONAL STANDARD SERIAL NUMBER | |
| ISSN | 0258-6150 |
| 040 ## - CATALOGING SOURCE | |
| Transcribing agency | NLE ADO 2010 C101 Or. |
| 245 00 - TITLE STATEMENT | |
| Title | Criteria and indicators for sustainable woodfuels. |
| 260 ## - PUBLICATION, DISTRIBUTION, ETC. (IMPRINT) | |
| Place of publication | Rome : |
| Name of publisher | Food and Agriculture Organization of the United Nations, |
| Year of publication | 2010. |
| 300 ## - PHYSICAL DESCRIPTION | |
| Number of Pages | viii, 92 p. : |
| Other physical details | ill. (chiefly col.) ; |
| Dimensions | 25 cm. |
| 490 1# - SERIES STATEMENT | |
| Series statement | FAO forestry paper, |
| 500 ## - GENERAL NOTE | |
| General note | "IEA Bioenergy."--Cover. |
| 520 ## - SUMMARY, ETC. | |
| Summary, etc | With growing pressure on energy resources and a heavy dependence on non-renewable fossil fuels, the world faces two key energy-related problems: the lack of a secure and affordable supply, and the threat of overconsumption leading to irreversible environmental damage. As part of the solution to these problems, many countries are looking increasingly to their biomass-energy resources. This publication focuses on one major source of biomass energy -- woodfuels. It sets out principles, criteria and indicators to guide the sustainable use of woodfuel resources and the sustainable production of charcoal. It is designed to help policy- and decision-makers in forestry, energy and environment agencies, non-governmental and other civil-society organizations and the private sector ensure that the woodfuel sector reaches its full potential as an agent of sustainable development."--back cover |
| 650 #0 - SUBJECT ADDED ENTRY--TOPICAL TERM | |
| Topical Term | Fuelwood crops |
| 650 #0 - SUBJECT ADDED ENTRY--TOPICAL TERM | |
| Topical Term | Energy policy. |
| 650 #0 - SUBJECT ADDED ENTRY--TOPICAL TERM | |
| Topical Term | Sustainable forestry. |
| 650 #0 - SUBJECT ADDED ENTRY--TOPICAL TERM | |
| Topical Term | Power resources. |
| 650 #0 - SUBJECT ADDED ENTRY--TOPICAL TERM | |
| Topical Term | Biomass energy |
| 650 #0 - SUBJECT ADDED ENTRY--TOPICAL TERM | |
| Topical Term | Renewable energy sources |
| 710 2# - ADDED ENTRY--CORPORATE NAME | |
| Corporate name or jurisdiction name as entry element | Food and Agriculture Organization of the United Nations. |
| 710 2# - ADDED ENTRY--CORPORATE NAME | |
| Corporate name or jurisdiction name as entry element | IEA Bioenergy Programme. |
| 856 41 - ELECTRONIC LOCATION AND ACCESS | |
| Uniform Resource Identifier | http://www.fao.org/docrep/012/i1673e/i1673e00.pdf |
| 942 ## - ADDED ENTRY ELEMENTS (KOHA) | |
| Koha item type | ADB |
No items available.